| 000 | 00651cam a2200229u 4500 | ||
|---|---|---|---|
| 999 |
_c2236 _d2236 |
||
| 001 | 15774 | ||
| 003 | BD-DhUAP | ||
| 005 | 20210128125950.0 | ||
| 008 | 830714s1970 it a 000 0bita | ||
| 010 | _a 72321189 | ||
| 020 | _a9788857200450 | ||
| 040 |
_aBD-DhUAP _cBD-DhUAP _dBD-DhUAP _bEng |
||
| 082 |
_223 _a759 MAR |
||
| 245 |
_aModigliani / _cFrancesca Marini. |
||
| 260 |
_aMilano : _bSkira, _cc2009. |
||
| 300 |
_a95 pages : _billustrations ; _c17 cm. |
||
| 490 | _aSkira mini artbooks. | ||
| 505 | _aIncludes bibliography. | ||
| 600 | 1 | 0 |
_aModigliani, Amedeo, _d1884-1920. |
| 650 | _aModigliani, Amedeo, -- 1884-1920. | ||
| 942 |
_2ddc _cBK |
||